000 00296nam a22001337a 4500
008 170810b xxu||||| |||| 00| 0 eng d
020 _a9780071633567
041 _aeng
080 _a004
100 _a35
101 _aSHK
245 _aMOBILE APPLICATION SECURITY
_cDWIVEDI,H
942 _2udc
_cBK
999 _c23147
_d23147